000 00604 a2200193 4500
001 62221
005 20260407155916.0
008 260407a1971 arg spa d
003 AR-UNSa-BCEJYS
040 _aAR-UNSa-BCEJYS
_bspa
_cAR-UNSa-BCEJYS
080 _a347.453.1
_xArrendamiento de tierra, de propiedades rurales. Arrendamiento rústico. Tenencias agrícolas. Aparcería
245 1 0 _aContratos agrarios
264 1 _aBuenos Aires :
_bAstrea
_c1971
300 _axv, 248 p.
_c23 cm.
041 _aspa
942 _cBK
590 _aniveau_biblio:m niveau_hierar:0
100 1 _aBrebbia, Fernando P.
999 _c7612
_d7612